[Event "DEM U8 2025"]
[Site "Willingen GER"]
[Date "2025.06.13"]
[Round "5"]
[White "Dowgialo, Franciszek"]
[Black "Dimitrov, Simeon"]
[Result "0-1"]
[Termination "normal"]
[Board "22"]
[WhiteElo "1044"]
[BlackElo "992"]
[WhiteClock "00:47:19"]
[BlackClock "00:24:31"]
[PlyCount "102"]
[BlackFideId "533028214"]
[EventCountry "GER"]
[EventRounds "7"]
[EventType "swiss"]
[EventDate "2025.06.10"]

1. e4 {[%clk 01:00:26]} {[%emt 00:00:04]} c5 {[%clk 01:00:13]} {[%emt
00:00:17]} 2. Nf3 {[%clk 01:00:23]} {[%emt 00:00:17]} e6 {[%clk 00:59:56]}
{[%emt 00:00:33]} 3. d4 {[%clk 01:00:10]} {[%emt 00:00:28]} Nc6 {[%clk
00:58:48]} {[%emt 00:01:23]} 4. Be2 {[%clk 00:59:24]} {[%emt 00:01:01]} cxd4
{[%clk 00:57:48]} {[%emt 00:01:14]} 5. Nxd4 {[%clk 00:58:39]} {[%emt 00:01:01]}
Bc5 {[%clk 00:57:06]} {[%emt 00:00:54]} 6. Be3 {[%clk 00:58:12]} {[%emt
00:00:45]} Nf6 {[%clk 00:56:23]} {[%emt 00:00:57]} 7. Nxc6 {[%clk 00:58:19]}
{[%emt 00:00:10]} bxc6 {[%clk 00:55:23]} {[%emt 00:01:14]} 8. Bxc5 {[%clk
00:58:19]} {[%emt 00:00:15]} Qa5+ {[%clk 00:54:36]} {[%emt 00:00:56]} 9. b4
{[%clk 00:57:43]} {[%emt 00:00:58]} Qc7 {[%clk 00:54:00]} {[%emt 00:00:50]} 10.
Nc3 {[%clk 00:57:02]} {[%emt 00:00:57]} Qe5 {[%clk 00:50:44]} {[%emt 00:03:29]}
11. Qd4 {[%clk 00:56:19]} {[%emt 00:00:59]} Qc7 {[%clk 00:49:01]} {[%emt
00:01:58]} 12. Qd6 {[%clk 00:55:37]} {[%emt 00:00:57]} Qd8 {[%clk 00:47:27]}
{[%emt 00:01:46]} 13. Qf8+ {[%emt 00:00:46]} Rxf8 {[%clk 00:46:42]} {[%emt
00:00:22]} 14. Bxf8 {[%clk 00:55:16]} {[%emt 00:00:46]} Kxf8 {[%clk 00:46:38]}
{[%emt 00:00:17]} 15. O-O {[%clk 00:55:11]} {[%emt 00:00:22]} Qc7 {[%clk
00:46:05]} {[%emt 00:00:38]} 16. b5 {[%clk 00:55:02]} {[%emt 00:00:35]} cxb5
{[%clk 00:44:53]} {[%emt 00:01:25]} 17. Nxb5 {[%clk 00:55:10]} {[%emt
00:00:09]} Qe5 {[%clk 00:43:52]} {[%emt 00:01:12]} 18. Bd3 {[%clk 00:54:48]}
{[%emt 00:00:40]} Ng4 {[%clk 00:42:50]} {[%emt 00:01:15]} 19. g3 {[%clk
00:54:39]} {[%emt 00:00:26]} Qh5 {[%clk 00:41:25]} {[%emt 00:01:35]} 20. h4
{[%clk 00:54:32]} {[%emt 00:00:28]} Ne5 {[%clk 00:39:59]} {[%emt 00:01:33]} 21.
Rab1 {[%clk 00:54:22]} {[%emt 00:00:33]} Qg4 {[%clk 00:38:54]} {[%emt
00:00:48]} 22. Be2 {[%clk 00:53:34]} {[%emt 00:01:34]} Qxe2 {[%clk 00:37:53]}
{[%emt 00:01:13]} 23. Nc7 {[%clk 00:53:42]} {[%emt 00:00:11]} Qg4 {[%clk
00:37:17]} {[%emt 00:00:36]} 24. Nxa8 {[%clk 00:53:20]} {[%emt 00:00:51]} Qh3
{[%clk 00:36:49]} {[%emt 00:00:36]} 25. f4 {[%clk 00:53:24]} {[%emt 00:00:19]}
Qxg3+ {[%clk 00:35:56]} {[%emt 00:01:04]} 26. Kh1 {[%clk 00:53:28]} {[%emt
00:00:15]} Nf3 {[%clk 00:34:48]} {[%emt 00:01:13]} 27. Rxf3 {[%clk 00:53:34]}
{[%emt 00:00:18]} Qxf3+ {[%clk 00:34:27]} {[%emt 00:00:35]} 28. Kh2 {[%clk
00:53:44]} {[%emt 00:00:06]} Qxf4+ {[%clk 00:33:51]} {[%emt 00:00:52]} 29. Kh3
{[%emt 00:00:05]} Qf3+ {[%emt 00:00:50]} 30. Kh2 {[%clk 00:52:52]} {[%emt
00:00:11]} Ke7 {[%clk 00:32:19]} {[%emt 00:01:46]} 31. Rb8 {[%clk 00:52:45]}
{[%emt 00:00:24]} Ba6 {[%clk 00:31:48]} {[%emt 00:00:44]} 32. Nc7 {[%clk
00:52:45]} {[%emt 00:00:17]} Qf2+ {[%emt 00:01:39]} 33. Kh3 {[%clk 00:52:00]}
Bf1+ {[%emt 00:00:32]} 34. Kg4 {[%emt 00:00:10]} Qg2+ {[%clk 00:30:07]} {[%emt
00:00:46]} 35. Kf4 {[%emt 00:00:12]} Qh2+ {[%emt 00:00:47]} 36. Ke3 {[%emt
00:00:50]} Qxc7 {[%emt 00:00:23]} 37. Rb1 {[%clk 00:49:54]} {[%emt 00:00:10]}
Qc3+ {[%emt 00:00:56]} 38. Kf4 {[%emt 00:00:17]} Qd2+ {[%clk 00:28:27]} {[%emt
00:00:38]} 39. Kf3 {[%clk 00:49:56]} {[%emt 00:00:18]} Qg2+ {[%clk 00:28:07]}
{[%emt 00:00:32]} 40. Ke3 {[%clk 00:50:00]} {[%emt 00:00:13]} Qg3+ {[%clk
00:26:57]} {[%emt 00:01:23]} 41. Kd2 {[%clk 00:49:51]} {[%emt 00:00:27]} Qf4+
{[%clk 00:26:28]} {[%emt 00:00:42]} 42. Ke1 {[%clk 00:49:58]} {[%emt 00:01:09]}
Qxe4+ {[%clk 00:26:06]} {[%emt 00:00:38]} 43. Kd2 {[%clk 00:49:13]} {[%emt
00:01:04]} Qf4+ {[%clk 00:25:22]} {[%emt 00:00:59]} 44. Kc3 {[%emt 00:00:25]}
g5 {[%emt 00:00:20]} 45. hxg5 {[%clk 00:48:20]} {[%emt 00:00:22]} f6 {[%clk
00:25:11]} {[%emt 00:00:25]} 46. gxf6+ {[%clk 00:48:26]} {[%emt 00:00:11]}
Qxf6+ {[%clk 00:25:16]} {[%emt 00:00:08]} 47. Kb4 {[%clk 00:48:29]} {[%emt
00:00:14]} h5 {[%clk 00:25:19]} {[%emt 00:00:13]} 48. Rb3 {[%clk 00:47:36]}
{[%emt 00:01:06]} h4 {[%clk 00:25:20]} {[%emt 00:00:13]} 49. Rb2 {[%clk
00:47:15]} {[%emt 00:00:39]} h3 {[%emt 00:00:11]} 50. c3 {[%emt 00:00:10]} h2
{[%clk 00:24:30]} {[%emt 00:00:30]} 51. Rxh2 {[%clk 00:47:19]} {[%emt
00:00:22]} Qf4+ {[%clk 00:24:31]} {[%emt 00:00:14]} 0-1